| 000 | 01418nam a22002177a 4500 | ||
|---|---|---|---|
| 999 |
_c63352 _d63352 |
||
| 003 | Ge_BSU | ||
| 005 | 20250924144210.0 | ||
| 008 | 250924s2002 ge ||||| |||| 00| 0 geo d | ||
| 041 | _ageo | ||
| 080 | _a341.231.14 : 342.7 ნ-79 | ||
| 100 |
_aნოვიცკი, მარეკ. _925863 |
||
| 245 |
_aადამიანის უფლებების მონიტორინგი : _b[თარგმ. პოლონ. / _c პოლონ. გამოც. ავტ.: მარეკ ნოვიცკი, ზუზანა ფიალოვა ; მთარგმნ.: ნინო ინწკირველი და სხვ. ; ქართ. გამოც. მთ. რედ.: ფრიდონ საყვარელიძე] ; ადამიანის უფლებების ჰელსინკის ფონდი. |
||
| 264 |
_aთბილისი, _c2002. |
||
| 300 |
_a256გვ. : _bილ. ; _c23სმ. |
||
| 653 | _aადამიანის ძირითადი უფლებები | ||
| 653 | _aსამართალი | ||
| 700 |
_aფიალოვა, ზუზანა _eავტორი _925864 |
||
| 700 |
_aინწკირველი, ნინო _eმთარგმნელი _925865 |
||
| 700 |
_aსაყვარელიძე, ფრიდონ _eრედაქტორი _925866 |
||
| 942 |
_2udc _cᲬᲘᲒᲜᲘ |
||